000 00294nam a22001337a 4500
008 170613b xxu||||| |||| 00| 0 eng d
020 _a058264285-X
041 _aeng
080 _a338
100 _a19
101 _aSHP
245 _aPOLITICAL ECONOMY OF AFRICA
_cCOHEN,D.L
942 _2udc
_cBK
999 _c17132
_d17132